| 000 | 00977nam a22003377a 4500 | ||
|---|---|---|---|
| 003 | CHAP | ||
| 005 | 20220329133750.0 | ||
| 008 | 971013s1982 r 00010 d | ||
| 010 | _a10564 | ||
| 011 | _a11536 | ||
| 035 | _a10775 | ||
| 040 | _cCHAP | ||
| 082 |
_a800 _bT6Y |
||
| 100 | 0 | 0 |
_aTomachevski, Boris. _9113665 |
| 245 | _aTeoria de la literatura | ||
| 260 |
_aMadrid, España. : _bAKAL, _c1982 |
||
| 300 | _a272 p | ||
| 490 | _aLetras | ||
| 590 |
_aBATCH-UPD _b10 _c20130110 _lUCH01 _h0046 |
||
| 590 |
_aBATCH-UPD _b10 _c20130110 _lUCH01 _h1750 |
||
| 590 |
_aBATCH-UPD _b10 _c20130410 _lUCH01 _h1128 |
||
| 590 |
_aBATCH-UPD _b10 _c20130914 _lUCH01 _h1627 |
||
| 590 |
_aCONVERSION _b10 _c20130109 _lUCH01 _h1307 |
||
| 650 | 1 | 4 |
_aCuentos rusos. _930099 |
| 650 | 1 | 4 |
_aLiteratura rusa. _967145 |
| 650 | 1 | 4 |
_aPoesía rusa. _990151 |
| 830 | 0 |
_aLetras _966374 |
|
| 901 | _aBK | ||
| 942 | _cLIBRO | ||
| 949 |
_a800 T6Y _bBC _cLIBRO _d33724000256913 _eLIBRO _h85306 _i10775 _si _t76.00 |
||
| 999 |
_c10564 _d10564 |
||